Trouve l'album de Renaud avec deux chansons - Statistiques

Statistiques générales
  • Ce quiz a été pris 4 fois
  • Le résultat moyen est 3 sur 12
Statistiques - réponses
Hint Réponse % Correct
Trois matelotsTu vas au bal ? Mistral gagnant
75%
La tire a DédéSalut manouche Ma gonzesse
50%
Baston !L'auto stoppeuse Marche a l'ombre
50%
Le sirop de la rueLa medaille A la belle de mai
25%
La menthe a l'eauRita Amoureux de paname
25%
Le blues de la porte d'OrleansLa boum Laisse Béton
25%
Banlieue rougeOscar Le retour de Gérard Lambert
25%
JonathanMe jette pas Putain de camion
25%
L'aquariumLes dimanches à la con Marchand de cailloux
0%
Pochtron !Doudou s'en fout Morgane de toi
0%
Tout in haut de ch'terrilM'lampiste Renaud cante el nord
0%
Ma blondeJ'ai retrouvé mon flingue ! Rouge sang
0%
Aucun quiz correspondant
Distribution des résultats
% des personnes avec chaque résultat
Percentile par nombre de réponses
Votre historique - résultats
Vous n’avez pas pris ce quiz